logo

Bir Sreshtho Munshi Abdur Rouf Library
Jhenaidah Cadet College

DOS 6.X : (Record no. 6518)

MARC details
000 -LEADER
fixed length control field 00821nam a2200241 a 4500
001 - CONTROL NUMBER
JCCL Control Number 6518
003 - CONTROL NUMBER IDENTIFIER
JCCL marc code BD-JhCC
005 - DATE AND TIME OF LATEST TRANSACTION
control field 20180421125657.0
008 - FIXED-LENGTH DATA ELEMENTS--GENERAL INFORMATION
fixed length control field 180124b xxu||||| |||| 00| 0 mul d
035 ## - SYSTEM CONTROL NUMBER
system control number (BD-JhCC)6518
040 ## - CATALOGING SOURCE
Original cataloging agency BD-JhCC
Modifying agency BD-JhCC
041 ## - LANGUAGE CODE
Language code of Book ben and eng
082 ## - DEWEY DECIMAL CLASSIFICATION NUMBER
Classification number 005.446
Author mark and Year RAH 1998
100 ## - MAIN ENTRY--PERSONAL NAME
Personal name রহমান, মাহবুবুর
245 ## - TITLE STATEMENT
Title DOS 6.X :
Remainder of title এডভান্স ডিস্ক অপারেটিং সিস্টেম /
Statement of responsibility, etc মাহবুবুর রহমান
260 ## - PUBLICATION, DISTRIBUTION, ETC. (IMPRINT)
Place of publication, distribution, etc ঢাকা :
Name of publisher, distributor, etc সিসটেক পাবলিকশন্স,
Date of publication, distribution, etc 1998.
300 ## - PHYSICAL DESCRIPTION
Pagination 478 p. :
Other physical details ills;
Dimensions 22 cm.
650 ## - SUBJECT ADDED ENTRY--TOPICAL TERM
Topical term or geographic name as entry element Operating systems (Computers)
650 ## - SUBJECT ADDED ENTRY--TOPICAL TERM
Topical term or geographic name as entry element Windows (Computer programs)
650 ## - SUBJECT ADDED ENTRY--TOPICAL TERM
Topical term or geographic name as entry element Windows (Computer programs)
942 ## - ADDED ENTRY ELEMENTS (KOHA)
Source of classification or shelving scheme Dewey Decimal Classification
Koha item type Books
Holdings
Source of classification or shelving scheme Damaged status Not for loan Home library Current library Shelving location Cost, normal purchase price Total Checkouts Full call number Barcode Date last seen Copy number Koha item type
Dewey Decimal Classification     JCC Rouf Library JCC Rouf Library General Stacks 150.00   005.446 RAH 1998 354 01/24/2018 C-1 Books
Dewey Decimal Classification     JCC Rouf Library JCC Rouf Library General Stacks 150.00   005.446 RAH 1998 10293 02/12/2018 C-2 Books

JCC Library | Contacts | JCC Home

Last Update on 23 September 2017
Copyright @ 2017-2020 JCC Rouf Library
Rouf Library, Jhenidah Cadet College (JCC), Bangladesh